000 00334nam a22001337a 4500
008 171002b xxu||||| |||| 00| 0 eng d
020 _a9781557988102
041 _aeng
080 _a159.9
100 _a48
101 _aPSI
245 _aPUBLICATION MANUAL OF THE AMERICAN PSYCHOLOGICAL ASSOCIATION
_cLOOMIS, K.H
942 _2udc
_cBK
999 _c31256
_d31256